000 00276nam a22001217a 4500
008 170616b xxu||||| |||| 00| 0 eng d
041 _aeng
080 _a94
100 _a18
101 _aSHH
245 _aGUN CONTOL A DECSION FOR AMERICANS
_cDOLAN.E.F
942 _2udc
_cBK
999 _c17673
_d17673